000 00659nam a2200241Ia 4500
003 OSt
005 20220925231738.0
006 a|||||r|||| 00| 0
007 ta
008 220923b |||||||| |||| 00| 0 eng d
037 _cGeneral Book
040 _aRTL
_cRTL
_beng
041 _2eng
_aeng
082 _aV41.N7, L6
100 _aImfeld A L
_9296052
245 0 _aChina
_b As model of development. Tr by Mathew J C'
260 _aMaryknoll
_bOrbis Books
_c1976
300 _a159p
_ccm.
500 _aBibliography: P 159
650 _aChina History
942 _hV41.N7, L6
_cGB
_2CC
999 _c589368
_d589368